Law of Evidence : (Record no. 619143)

MARC details
000 -LEADER
fixed length control field 00475nam a2200193 a 4500
008 - FIXED-LENGTH DATA ELEMENTS--GENERAL INFORMATION
fixed length control field 260408s2008##################000#0#eng##
020 ## - INTERNATIONAL STANDARD BOOK NUMBER
ISBN 9788171772070
082 04 - DEWEY DECIMAL CLASSIFICATION NUMBER
Classification number 347.5406
Item number SAH
100 1# - MAIN ENTRY--AUTHOR NAME
Personal name Saharay, H. K.,
245 10 - TITLE STATEMENT
Title Law of Evidence :
260 ## - PUBLICATION, DISTRIBUTION, ETC. (IMPRINT)
Year of publication 2008.
300 ## - PHYSICAL DESCRIPTION
Number of Pages 1087 pages
650 #0 - SUBJECT ADDED ENTRY--TOPICAL TERM
Topical Term Evidence (Law).
942 ## - ADDED ENTRY ELEMENTS (KOHA)
Koha item type English Books
Holdings
Withdrawn status Lost status Damaged status Not for loan Home library Current library Shelving location Date acquired Full call number Accession Number Price effective from Koha item type
        Anna Centenary Library Anna Centenary Library 4TH FLOOR, A WING 08.04.2026 347.5406 SAH 93097 08.04.2026 English Books

Find us on the map